Fill the World Map by Bordering Country Pairs of different Size - Statistics

General Stats
  • This quiz has been taken 2,700 times
  • The average score is 36 of 134
Answers on the Map
Answers color-coded by a green-red scale on the quiz's map according to % correct below.
 
Answer Stats
COUNTRY % Correct
Vatican City
99%
Italy
97%
France
90%
Monaco
90%
Andorra
82%
Spain
82%
Austria
75%
Liechtenstein
75%
Russia
67%
Estonia
66%
Bhutan
64%
China
64%
Saudi Arabia
60%
Qatar
59%
Germany
56%
Luxembourg
56%
Belize
55%
D. R. Congo
55%
East Timor
55%
Indonesia
55%
Mexico
55%
Rwanda
55%
Brazil
49%
Suriname
49%
India
45%
South Africa
45%
Brunei
44%
Malaysia
44%
Sri Lanka (Bangladesh/Nepal)
44%
Armenia
43%
Iran
43%
Swaziland
43%
Djibouti
40%
Ethiopia
40%
Burundi
37%
Tanzania
37%
Egypt
35%
Israel
35%
Iraq
33%
Kuwait
33%
Moldova
33%
Ukraine
33%
Argentina
32%
Uruguay
32%
Algeria
29%
Gambia
29%
Senegal
29%
Tunisia
29%
Cameroon
27%
Colombia
27%
Equatorial Guinea
27%
Eritrea
27%
Panama
27%
Sudan
27%
Kazakhstan
25%
Kyrgyzstan
25%
Lebanon
25%
Syria
25%
Georgia
24%
Niger
24%
Turkey
24%
Benin
23%
Malawi
21%
Mozambique
21%
Canada
20%
Ecuador
20%
Peru
20%
United States
20%
Kosovo
17%
Guinea
16%
Guinea-Bissau
16%
Guyana
16%
Serbia
16%
Venezuela
16%
Ireland
15%
United Kingdom
15%
Burkina Faso
14%
Poland
14%
Slovakia
14%
Togo
14%
Bangladesh
12%
Myanmar
12%
Oman
12%
United Arab Emirates
12%
Côte d'Ivoire
11%
Dominican Republic
11%
El Salvador
11%
Haiti
11%
Honduras
11%
Mali
11%
North Korea
11%
South Korea
11%
Bolivia
10%
Greece
10%
Macedonia
10%
Paraguay
10%
Afghanistan
9%
Belarus
9%
Cambodia
9%
Croatia
9%
Latvia
9%
Montenegro
9%
Tajikistan
9%
Thailand
9%
Hungary
8%
Slovenia
8%
Angola
7%
Belgium
7%
Bulgaria
7%
Costa Rica
7%
Netherlands
7%
Republic of the Congo
7%
Romania
7%
Central African Republic
6%
Chad
6%
Laos
6%
Nicaragua
6%
South Sudan
6%
Uganda
6%
Vietnam
6%
Mauritania
5%
Morocco
5%
Norway
5%
Sweden
5%
Kenya
4%
Liberia
4%
Sierra Leone
4%
Somalia
4%
Turkmenistan
4%
Uzbekistan
4%
Zambia
4%
Zimbabwe
4%
Botswana
3%
Namibia
3%
No matching quizzes found
Score Distribution
Percent of People with Each Score
Percentile by Number Answered
Your Score History
You have not taken this quiz